00480nam a2200157 a 4500008004100000050001600041110006900057245004000126260002800166300001000194350000900204650002500213650003500238650001100273650003800284120416s2000 ||||||||||||||||| || u aAFRONET(05) aInter-African Network for Human Rights and Development (Afronet)10aSouthern Africa Human rights review aLusaka:bAfronetc2000- avols. a0.00 aHUMAN RIGHTS--ZAMBIA aHUMAN RIGHTS--AFRICA, SOUTHERN aRIGHTS aHUMAN RIGHTS--AFRICA, SUB-SAHARAN